000 01569nam a2200289Ia 4500
999 _c53127
_d53127
001 20166
003 GE_BSU
005 20250516175430.0
008 181216s2011||||ge |||||||||||||| ||geo||
020 _a9789941032509
040 _cGE_BSU
041 _ageo
080 _a94(479.223) ბ-94
245 _aბრძოლა ბათუმისთვის, 1921 წლის 18-20 მარტი :
_b [მონოგრაფია] /
_cავტ. : ალექსანდრე დაუშვილი, ოთარ გოგოლიშვილი, ჯემალ კარალიძე [და სხვ.] ; რედ. მალხაზ მაცაბერიძე.
264 _aთბილისი :
_b[გ.გ],
_c2011.
300 _a196 გვ. ;
_c 21 სმ
504 _aრეზ. ინგლ. ბიბლიოგრ. ტექსტ. შენიშვნ.
541 _h7ლ.
653 _aსაქართველოს ისტორია
653 _aსაქართველოს ქალაქების ისტორია
653 _aბათუმისათვის ბრძოლა 1921 წ.
700 _a დაუშვილი, ალექსანდრე
_eავტორი
_925063
700 _aგოგოლიშვილი, ოთარ
_eავტორი
_925064
700 _aკარალიძე, ჯემალ
_eავტორი
_94089
700 _aმაცაბერიძე, მალხაზ
_eრედაქტორი
_925065
942 _cBK
_2udc